| 000 | 00881nam a22002177a 4500 | ||
|---|---|---|---|
| 005 | 20240530110551.0 | ||
| 008 | 160720s2014 ua f b 000 0 ara d | ||
| 017 |
_a2011/15303 _bمصر . دار الكتب المصرية |
||
| 020 | _a9789776298590 | ||
| 040 | _aEG-CaGPL | ||
| 082 | 0 | 4 |
_221 _a658.4012\ _bم ب |
| 100 | 0 | _aمحمود عبدالفتاح رضوان | |
| 245 | 1 | 2 |
_aالبرنامج العلمى لكتابة الخطة الاستراتيجية / _cاعداد محمود عبدالفتاح رضوان |
| 250 | _aط. 3 | ||
| 260 |
_aالقاهرة : _bالمجموعة العربية للتدريب و النشر ، _c2014 . |
||
| 300 |
_a99 ص. ؛ _c30 سم . |
||
| 490 | 0 | _aمهارات الموارد البشرية | |
| 504 | _aيشتمل على ارجاعات ببليوجرافية | ||
| 650 | 0 | 4 | _aالتخطيط الاستراتيجى |
| 942 |
_2ddc _cBK |
||
| 999 |
_c62469 _d62469 |
||